Páginas selectas. Colección de trabajos literarios

Gespeichert in:
Bibliographische Detailangaben
1. Verfasser: Ibarz Borrás, Manuel Autor
Format: keine Angabe
Sprache:Spanisch
Erschienen: Gerona, España Dalmau Carles Pla SA 1931
Ausgabe:16ª
Katalog:MANES:  Suchergebnis im Bibliothekskatalog
Schulbuchspezifische Eigenschaften:
Tags: Tag hinzufügen
Keine Tags, Fügen Sie den ersten Tag hinzu!
Hinzugefügt zu:26.04.2016

MARC

LEADER 000000000a22000000004500
001 21572
003 OSt
008 160427s sp ||||| |||| 00| 0 spa d
041 1 |a spa 
040 |c centro_manes 
691 7 |a PRI 
100 1 |a Ibarz Borrás, Manuel  |b Autor  |9 14496 
245 0 0 |a Páginas selectas. Colección de trabajos literarios 
250 |a 16ª 
260 3 |a Gerona, España  |b Dalmau Carles Pla SA  |c 1931 
690 0 |a EyL 
942 |2 ddc  |c BK 
546 |a España 
999 |c 26849  |d 26849 
999 |c manes:26849  |d 26849